Softvérovo podporovaný proces vymáhania pohľadávok : Diplomová práca

Gespeichert in:
Bibliographische Detailangaben
1. Verfasser: Papp, Zoltán (Verfasst von)
Weitere Verfasser: Chynoradská Šefčíková, Miriam (xxx)
Format: Manuskript Buch
Sprache:Slowakisch
Veröffentlicht: Trnava : STU v Bratislave MtF KPIM, 2004
Schlagworte:
Tags: Tag hinzufügen
Keine Tags, Fügen Sie das erste Tag hinzu!

MARC

LEADER 00000ntm a22000003a 4500
001 stu89408
005 20160719154621.6
008 040730s2004----xo------------------slo-d
040 |a STU  |b slo 
041 0 |a slo 
044 |a xo 
100 1 |a Papp, Zoltán  |4 aut 
245 1 |a Softvérovo podporovaný proces vymáhania pohľadávok :  |b Diplomová práca 
260 |a Trnava :  |b STU v Bratislave MtF KPIM,  |c 2004 
300 |a 72 s  |c príl., CD 
650 7 |a priemyselné inžinierstvo a manažment  |2 stusub 
700 1 |a Chynoradská Šefčíková, Miriam  |4 xxx  |u M190  |U MTF Materiálovotechnologická fakulta  |T MTF Katedra priemyselného inžinierstva a manažmentu  |U M190  |Y 167 
996 |b 284M060060  |c M*DP-5302  |l MMSKP  |s P  |a 0  |w stu89408_0001